Innovative NADES-based hydrogel formulation for enhanced dermal penetration of lidocaine [abstract] /

Elmentve itt :
Bibliográfiai részletek
Szerzők: Hasanpour Feria
Jójárt-Laczkovich Orsolya
Pavlić Branimir
Simon Péter
Törteli Levente
Berkó Szilvia
Testületi szerző: VII. Symposium of Young Researchers on Pharmaceutical Technology, Biotechnology and Regulatory Science
Dokumentumtípus: Könyv része
Megjelent: 2025
Sorozat:Symposium of Young Researchers on Pharmaceutical Technology, Biotechnology and Regulatory Science 7
Kulcsszavak:Gyógyszertechnológia - előadáskivonat, Gyógyszerkutatás - előadáskivonat, Gyógyszerfejlesztés - előadáskivonat
Tárgyszavak:
doi:10.14232/syrptbrs.2025.37

Online Access:http://acta.bibl.u-szeged.hu/86539
LEADER 01284naa a2200277 i 4500
001 acta86539
005 20250212095821.0
008 250212s2025 hu o 100 eng d
024 7 |a 10.14232/syrptbrs.2025.37  |2 doi 
040 |a SZTE Egyetemi Kiadványok Repozitórium  |b hun 
041 |a eng 
100 1 |a Hasanpour Feria 
245 1 0 |a Innovative NADES-based hydrogel formulation for enhanced dermal penetration of lidocaine   |h [elektronikus dokumentum] :  |b [abstract] /  |c  Hasanpour Feria 
260 |c 2025 
300 |a 37 
490 0 |a Symposium of Young Researchers on Pharmaceutical Technology, Biotechnology and Regulatory Science  |v 7 
650 4 |a Orvos- és egészségtudomány 
650 4 |a Általános orvostudomány 
695 |a Gyógyszertechnológia - előadáskivonat, Gyógyszerkutatás - előadáskivonat, Gyógyszerfejlesztés - előadáskivonat 
700 0 2 |a Jójárt-Laczkovich Orsolya  |e aut 
700 0 2 |a Pavlić Branimir  |e aut 
700 0 2 |a Simon Péter  |e aut 
700 0 2 |a Törteli Levente  |e aut 
700 0 2 |a Berkó Szilvia  |e aut 
711 |a VII. Symposium of Young Researchers on Pharmaceutical Technology, Biotechnology and Regulatory Science  |c Szeged  |d 2025. január 29-31. 
856 4 0 |u http://acta.bibl.u-szeged.hu/86539/1/syrptbrs_2025_037.pdf  |z Dokumentum-elérés